Culture Générale - Série 655 - Statistiques

Statistiques générales
  • Ce quiz a été pris 176 fois
  • Le résultat moyen est 7 sur 10
Statistiques - réponses
Question Réponse % Correct
Sur le visage, quelle proéminence arquée au-dessus de chaque orbite est dite "sourcilière" ? arcade
92%
On appelle un pays puissant et pourtant vulnérable, un "colosse aux pieds... d'argile
92%
L'empire fondé à la fin du XIIIe siècle par la tribu turque des Osmanlis était l'Empire... Ottoman
91%
"La Mauvaise éducation" est un film sorti en 2004, et réalisé par Pedro... Almodóvar
88%
Quel apéritif à base de vin blanc doit son nom à un chanoine bourguignon ? kir
78%
De quelle ville américaine Rudolph Giuliani est-il devenu le maire en 1993 ? New York
72%
Quel insecte coléoptère a inspiré leur nom aux Beatles ? scarabée
57%
Quel film de Luc Besson est aussi le prénom du 1er secrétaire du parti communiste de l'URSS, de 1953 à 1964 ? Nikita
55%
De quel célèbre cabaret parisien les Bluebell Girls sont-elles les danseuses ? Le Lido
36%
Quelle émission de cinéma, diffusée entre 1953 et 1989, était présentée par Catherine Langeais ? La séquence du spectateur
12%
Aucun quiz correspondant
Distribution des résultats
% des personnes avec chaque résultat
Percentile par nombre de réponses
Votre historique - résultats
Vous n’avez pas pris ce quiz